00410cam a2200157ua 4500001000500000005001700005008003900022040000900061082000800070100003100078245004500109250000900154260004800163300002200211653001900233532920260515113850.0120812n |||gr||||Z||||||eng cMAIN a82112aMaxwell, D.E.S.,eAuthor.,11aPoetry of T. S. Eliotcby D.E.S. Maxwell a1st. aBroadway:bRoutledge and kegan paul,c1966. avii;223p,:c25cm. aEnglish poetry